[Event "World op 33rd"]
[Site "Philadelphia"]
[Date "2005.06.01"]
[Round "4"]
[White "Kamsky, Gata"]
[Black "Stripunsky, Alexander"]
[Result "1/2-1/2"]
[WhiteElo "2700"]
[BlackElo "2565"]
[PlyCount "52"]
[EventDate "2005.06.??"]
[EventType "swiss"]
[EventRounds "9"]
[EventCountry "USA"]
[SourceTitle "EXT 2006"]
[Source "ChessBase"]
[SourceDate "2005.11.24"]
[SourceVersion "1"]
[SourceVersionDate "2005.11.24"]
[SourceQuality "1"]

1. d4 d5 2. Nf3 c6 3. c4 Nf6 4. Qc2 dxc4 5. Qxc4 Bg4 6. Nbd2 Nbd7 7. g3 Qc7 8.
h3 Bf5 9. Bg2 Rd8 10. O-O e5 11. dxe5 Nxe5 12. Nxe5 Qxe5 13. Qb3 Rd7 14. Nf3
Qe6 15. g4 Be4 16. Qe3 Bxf3 17. Bxf3 Bd6 18. Qxe6+ fxe6 19. Be3 Nd5 20. Bc1 O-O
21. Be4 Bc5 22. e3 a6 23. Rd1 Rfd8 24. a3 Be7 25. Bc2 b5 26. Kg2 c5 1/2-1/2

[Event "American Continental 3rd"]
[Site "Buenos Aires"]
[Date "2005.08.06"]
[Round "1"]
[White "Kamsky, Gata"]
[Black "D'Arruda, Ricardo D"]
[Result "1-0"]
[WhiteElo "2700"]
[BlackElo "2320"]
[PlyCount "61"]
[EventDate "2005.08.06"]
[EventType "swiss"]
[EventRounds "11"]
[EventCountry "ARG"]
[SourceTitle "CBM 109"]
[Source "ChessBase"]
[SourceDate "2005.11.14"]
[SourceVersion "1"]
[SourceVersionDate "2005.11.14"]
[SourceQuality "1"]

1. e4 c5 2. Nf3 Nc6 3. d4 cxd4 4. Nxd4 e5 5. Nb5 a6 6. Nd6+ Bxd6 7. Qxd6 Qe7 8.
Qd1 d6 9. Nc3 Be6 10. f4 exf4 11. Bxf4 O-O-O 12. Bd3 Nf6 13. O-O h6 14. Qe1 Ne5
15. b4 Bc4 16. Rd1 Qc7 17. Kh1 Kb8 18. a4 Rhe8 19. b5 Rc8 20. Ne2 axb5 21. axb5
d5 22. Bxc4 dxc4 23. Nc3 Nfd7 24. Nd5 Qc5 25. Qa5 Qa7 26. Qc3 Qc5 27. Ra1 b6
28. Be3 Qd6 29. Ra6 Ng4 30. Bf4 Nge5 31. Rfa1 1-0

[Event "American Continental 3rd"]
[Site "Buenos Aires"]
[Date "2005.08.07"]
[Round "2"]
[White "Mosquera, Miguel"]
[Black "Kamsky, Gata"]
[Result "1/2-1/2"]
[WhiteElo "2442"]
[BlackElo "2700"]
[PlyCount "82"]
[EventDate "2005.08.06"]
[EventType "swiss"]
[EventRounds "11"]
[EventCountry "ARG"]
[SourceTitle "CBM 109"]
[Source "ChessBase"]
[SourceDate "2005.11.14"]
[SourceVersion "1"]
[SourceVersionDate "2005.11.14"]
[SourceQuality "1"]

1. d4 d5 2. Bg5 c6 3. e3 h6 4. Bh4 Qa5+ 5. c3 Bf5 6. Bd3 e6 7. Bxf5 exf5 8. Nd2
Nd7 9. g4 Be7 10. Bxe7 Nxe7 11. h3 Nf6 12. Qf3 fxg4 13. hxg4 O-O-O 14. Ne2 Kb8
15. Ng3 Rhf8 16. Nf5 Nxf5 17. Qxf5 Ne8 18. Qe5+ Ka8 19. g5 hxg5 20. Qxg5 g6 21.
Nb3 Qb6 22. O-O-O Nd6 23. f3 Rfe8 24. Rhe1 Nc4 25. e4 a5 26. Qg2 Rh8 27. Nc5
Rh5 28. b3 Nd6 29. Rh1 Rxh1 30. Rxh1 Qc7 31. Rh7 Re8 32. e5 Nb5 33. a4 b6 34.
Na6 Qb7 35. axb5 cxb5 36. f4 Ka7 37. Nc5 bxc5 38. dxc5 b4 39. cxb4 axb4 40.
Qa2+ Kb8 41. Qa5 Kc8 1/2-1/2

[Event "American Continental 3rd"]
[Site "Buenos Aires"]
[Date "2005.08.09"]
[Round "4"]
[White "Sorin, Ariel"]
[Black "Kamsky, Gata"]
[Result "1/2-1/2"]
[WhiteElo "2496"]
[BlackElo "2700"]
[PlyCount "173"]
[EventDate "2005.08.06"]
[EventType "swiss"]
[EventRounds "11"]
[EventCountry "ARG"]
[SourceTitle "CBM 109"]
[Source "ChessBase"]
[SourceDate "2005.11.14"]
[SourceVersion "1"]
[SourceVersionDate "2005.11.14"]
[SourceQuality "1"]

1. d4 Nf6 2. c4 e6 3. Nf3 b6 4. g3 Ba6 5. Qa4 Bb7 6. Bg2 c5 7. O-O cxd4 8. Nxd4
Qc8 9. Nc3 Bxg2 10. Kxg2 Qb7+ 11. f3 Be7 12. Rd1 a6 13. Bg5 h6 14. Bxf6 Bxf6
15. Rd3 O-O 16. Rad1 Rc8 17. Qb3 Qc7 18. Na4 Bd8 19. Rc3 Qa7 20. Qb4 Nc6 21.
Nxc6 Rxc6 22. Rcd3 d6 23. Nc3 Be7 24. Ne4 Qb7 25. Qa4 b5 26. Qb3 Qb8 27. cxb5
axb5 28. a3 d5 29. Nc3 Rb6 30. Qc2 b4 31. axb4 Rxb4 32. Rb1 Bf6 33. e4 dxe4 34.
Nxe4 Bxb2 35. Rbd1 Be5 36. Qc5 Rb2+ 37. Kh3 Qc7 38. Qxc7 Bxc7 39. R1d2 Rb4 40.
Rd7 Be5 41. Nd6 Rf8 42. Re2 Bf6 43. Nb7 Bb2 44. f4 Bd4 45. Nd6 Bc5 46. Rc2 Bxd6
47. Rxd6 Ra8 48. Rd7 Rb5 49. Rdc7 Raa5 50. Rc8+ Kh7 51. Rf8 Rb7 52. Rf2 Rf5 53.
Kg2 g5 54. fxg5 Rxf2+ 55. Kxf2 Kg7 56. Ra8 Rb2+ 57. Kf3 hxg5 58. Kg4 Kf6 59.
Ra5 Rb4+ 60. Kh5 g4 61. Rg5 Rb2 62. Kxg4 Rxh2 63. Ra5 Rf2 64. Rb5 Kg6 65. Rg5+
Kf6 66. Ra5 e5 67. Ra6+ Ke7 68. Kg5 Rf3 69. Kg4 e4 70. Ra4 f5+ 71. Kh3 Rd3 72.
Kg2 Rd2+ 73. Kf1 Kf6 74. g4 Kg5 75. gxf5 Kf4 76. f6 Kf3 77. Ke1 Rb2 78. f7 Rb1+
79. Kd2 Rb8 80. Ra6 Rd8+ 81. Kc2 Ke2 82. Rf6 Rc8+ 83. Kb2 Rf8 84. Kc2 Ke1 85.
Kc1 Ke2 86. Kc2 Rc8+ 87. Kb2 1/2-1/2

[Event "American Continental 3rd"]
[Site "Buenos Aires"]
[Date "2005.08.12"]
[Round "7"]
[White "Kamsky, Gata"]
[Black "Gulko, Boris F"]
[Result "1-0"]
[WhiteElo "2700"]
[BlackElo "2589"]
[Annotator "Gofshtein,L"]
[PlyCount "104"]
[EventDate "2005.08.06"]
[EventType "swiss"]
[EventRounds "11"]
[EventCountry "ARG"]
[SourceTitle "CBM 109"]
[Source "ChessBase"]
[SourceDate "2005.11.14"]
[SourceVersion "1"]
[SourceVersionDate "2005.11.14"]
[SourceQuality "1"]

1. e4 c5 2. Nf3 d6 3. d4 cxd4 4. Nxd4 Nf6 5. Nc3 Nc6 6. Bg5 e6 7. Qd2 Be7 8.
O-O-O O-O 9. Nb3 Qb6 10. f3 Rd8 {Gulko has a wide experience with this line}
11. Kb1 Qc7 {Black prepares to strike at the centre with d6-d5, another move
is 11...a6} (11... a6 12. Be3 Qc7 13. Qf2 Nd7 14. g4 b5 15. g5 Rb8 16. h4 Nb6
17. g6 $5 Na4 (17... fxg6 18. h5 gxh5 19. Rxh5 Na4 $13) 18. gxf7+ Kxf7 19. Ne2
Bf6 20. Ned4 $14 {Timman,J-Salov,V/Linares/1991/0,5 (71) Inf 51/194/}) (11...
d5 {this move leads to a small but a stable plus for white in an endgame} 12.
Bxf6 Bxf6 (12... dxe4 $2 {this move leads to a bad position} 13. Bxe7 $1 {
White recieves more than enough compensation for the queen.} Rxd2 14. Nxd2 $1 {
[%cal Rd2c4,Rd2e4] White gets the knight to play.} Qc7 {14...ef has also been
met in practice. But as the following games show it also leads to difficulties
for black.} (14... exf3 15. Nc4 $1 Qc7 {15...Qf2 16.Ne4! +-} 16. Bd6 $1 $36 Qd8
17. gxf3 Bd7 18. Be2 Be8 19. Rhg1 Qh4 20. Rg4 Qh3 21. Bg3 Rd8 22. Rg1 f6 23.
Nd6 $36 {1-0 Brodsky,M-Iskusnyh,S/Orel 1997/EXT 99 (27)}) (14... Nxe7 $2 15.
Nc4 Qc7 16. Nb5 $18) 15. Bh4 $5 Bd7 16. Ndxe4 Be8 17. Nd6 {1-0 Mieles Palau,
D-Filgueira,H/Buenos Aires 2003/CBM 097/ (39) with an advantage for white.})
13. exd5 Bxc3 14. Qxc3 exd5 15. Qc5 Qxc5 16. Nxc5 Na5 17. Bd3 b6 $14 {1/2-1/2
Van der Wiel,J-Huzman,A/Amsterdam 1994/EXT 2003 (60)}) 12. Bf4 {The idea of
this move is to stop d6-d5. White has other moves as well, for example:} (12.
h4 d5 (12... a6 $5 13. Qf2 b5 14. Be3 Rb8 15. g4 Ne5 16. g5 Nfd7 17. h5 b4 18.
Ne2 a5 19. g6 a4 20. Nbd4 Nc5 21. gxf7+ Kxf7 22. Nf4 Bf6 $132 {0-1 Ivanchuk,
V-Kramnik,V/Monte Carlo 1994/CBM 40 ext (43)}) 13. exd5 (13. Bxf6 $5 dxe4 (
13... Bxf6 14. exd5 Bxc3 15. d6 Qb8 16. Qxc3 Rxd6 17. Bb5 $14) 14. Nb5 Rxd2 15.
Rxd2 Qb6 16. Bxe7 Nxe7 17. c4 $16 {Cunningham,R-Fishbein,A Philadelphia World
op (1) 1992 1-0 27}) 13... Nxd5 14. Bd3 Ndb4 15. Nb5 Qe5 16. f4 Qxb5 17. Bxb5
Rxd2 18. Bxe7 (18. Rxd2 f6) 18... Rd5 19. Bc5 h6 20. Be2 $14 {1/2-1/2 Ivanchuk,
V-Anand,V/Monte Carlo 1994/CBM 40 ext (54)}) (12. Nb5 Qb8 13. Bf4 e5 14. Bg5
Be6 $10) (12. Qf2 $2 Ng4 $15) (12. Bxf6 Bxf6 13. g4 {0-1 Benjamin,J-Anand,V/
Groningen 1993/CBM 39/[Chekhov] (41)}) 12... a6 13. g4 Ne5 (13... b5 14. g5 Nh5
15. Be3 Ne5 16. f4 Nc4 17. Bxc4 Qxc4 18. Bb6 b4 $1 19. Ne2 Re8 $13 {Svidler,
P-Fishbein,A/Oakham/1990/0,5 (49) Inf 50/220/}) 14. Qg2 {whte defends the f3
pawn, and now Ne5-c4 comes without a tempi on the white queen} b5 15. g5 Nfd7 {
Now white has a choice how to continue the attack, one option that white chose
in the game is to advance the h-pawn and play 16.h4, the other one is to move
the bishop out of f4 and to push the f-pawn} 16. h4 (16. Bc1 $142 {is
interesting} Bb7 17. f4 b4 $132 {Spragett -Gurevich.D Bern 1995} 18. Ne2 Nc4
19. Ng3 d5 20. f5 (20. Bd3 Nc5 21. Nxc5 Qxc5 22. exd5 Bxd5 {and black solved
his problems 1-0 Spraggett,K-Gurevich,D/Bern 1995/EXT 2000 (40)}) (20. Qe2 Ndb6
21. exd5 {1/2-1/2 Illescas Cordoba,M-Kramnik,V/Alcobendas 1993/CBM 039 (21)})
20... dxe4 21. Bxc4 Qxc4 22. Na5 Qc7 23. Nxb7 Qxb7 24. f6 Bf8 25. fxg7 Bxg7 26.
Nh5 {with initiative}) 16... Nb6 $146 {this is a novelty, the knight goes to
a4, beforehand only 16...Bb7 was played} (16... Bb7 17. a3 $6 (17. h5 $5) 17...
Rac8 18. Qf2 $2 (18. h5) 18... Nb6 $5 19. Na5 Ba8 $17 20. Be3 Rb8 21. Bd4 Na4 {
0-1 Pavlovic,M-Knezevic,B/Belgrade 1998/CBM 064/[Gofshtein,L] (39) and black
seized the initiative.}) 17. h5 Na4 {Exchanging on a4 obviously favours black,
that gets an open b-file} 18. Bd2 (18. Nxa4 $2 bxa4 19. Nd4 Rb8 {with an attack
}) 18... Bd7 19. f4 {White is not tempted to win the exchange cause it allows
black to seize the initiative} (19. Nxa4 $6 bxa4 20. Ba5 Qb7 21. Bxd8 Rxd8 22.
Nd4 Rb8 {Despite the extra defense white is on the defenssive}) (19. h6 {
is met by} g6) (19. g6 {deserved attention} fxg6 (19... Nc4 $5) 20. hxg6 Nxg6
21. Qh2 Nf8 22. Bd3 {is quite dangerous for black}) 19... Nc4 20. Bxc4 Qxc4 {
recapturing with the pawn wasn't better, as the lines show white's attack is
more dangerous} (20... bxc4 21. Nxa4 (21. Nd4 Nxb2 22. Kxb2 Qb6+ 23. Nb3 a5 {
and black's attack is faster}) 21... Bxa4 (21... cxb3 22. axb3 d5 23. Bc3 dxe4
24. g6 {with strong attack}) 22. Nd4 (22. Ba5 $2 {now Ba5 doesn't work in view
of} cxb3 $1 23. Bxc7 bxc2+ {and black stays with more material} 24. Ka1 cxd1=Q+
25. Rxd1 Bxd1 26. Bxd8 Rxd8) 22... Rab8 (22... c3 23. Bxc3 Rab8 24. Ka1) 23.
Bc3 {it is difficult for black to develop any attack on the queenside, while
white has free hands on the kingside}) 21. f5 {white's attack is very dangerous
} Bc6 $2 (21... exf5 $2 {allows a strong forepost for the white knight} 22. Nd5
) (21... Nxc3+ $1 {was black's best defense} 22. Bxc3 exf5 23. g6 (23. exf5 Bc6
) 23... fxg6 24. hxg6 h6 {[%cal Ge7f8] despite the fact that white has a
strong initiative black is still a pawn up and has good chances to defend, all
three results are possible}) 22. f6 Nxc3+ {black is forced to follow the main
line since after 22...Bf8 white has a free attack for no compensation} (22...
Bf8 23. Rde1 b4 24. Nxa4 Bxa4 25. g6 {and the white attack is winning}) 23.
Bxc3 Bxe4 24. Qf2 Bxh1 {forced} (24... Bf8 $2 {white has plenty of good options
} 25. fxg7 {This one is the most straight forward} (25. Rh4 d5 26. g6) 25...
Bxg7 26. Nd2 Qc6 27. Nxe4 Qxe4 28. Bxg7 Kxg7 29. Qf6+ Kg8 30. Rhf1 ({or} 30. g6
) 30... Rd7 31. Rde1 Qh4 32. h6 $18) 25. fxe7 {black's main problem that after
h5-h6 his king would be an easy target for the white pieces} Rdc8 (25... Re8
26. Rxh1 Rxe7 (26... e5 27. h6) 27. Bxg7 {black's position is defenseless}) 26.
Rxh1 e5 {the only way to continue the struggle} (26... b4 {leads to a forced
mate} 27. Bxg7 $1 Kxg7 28. Qf6+ Kg8 29. e8=Q+ Rxe8 30. h6 Kf8 31. g6 hxg6 32.
h7 {with mate}) 27. h6 b4 28. Rh4 $6 (28. hxg7 {was faster} bxc3 29. Qf5 $1 $18
) 28... Qe6 29. Bxb4 Qxe7 30. Qd2 {white's edge is decisive} Qe6 31. hxg7 Qf5
32. Qd3 $6 {not the most accurate way to win, prolongs a game for many moves} (
32. Bxd6 Rd8 33. Rh6 {white is completely winning, though some technique is
still required}) 32... Qxd3 33. cxd3 Rc6 (33... d5 34. Bf8 Rc6 35. Nc5 {
with a total domination} Rac8 36. b4) 34. Rh6 Rd8 35. Nd2 {White transfers the
knight to a better place} Rdc8 36. Bc3 (36. Nc4 e4 37. Rxd6 exd3 38. Rxc6 Rxc6
39. Ne5 {also winning}) 36... Kxg7 37. Ne4 {now one of the black central pawns
is lost} d5 38. Bxe5+ Kf8 39. Rxc6 Rxc6 40. Nf6 {the rest is of no ineterest}
Ke7 41. Nxh7 Ke6 42. Bf4 Kf5 43. Bd2 Ke5 44. Be3 Rc8 45. Nf6 Rh8 46. d4+ Ke6
47. a4 Rh3 48. Bf4 Rb3 49. Be5 Rb4 50. Ne8 Rxa4 51. Nc7+ Kf5 52. Nxd5 Ra5 {
black resigned as his rook is caught} (52... Ra5 53. Nc3 Kxg5 54. b4 Ra3 55.
Kb2 $18) 1-0

[Event "American Continental 3rd"]
[Site "Buenos Aires"]
[Date "2005.08.14"]
[Round "9"]
[White "Milos, Gilberto"]
[Black "Kamsky, Gata"]
[Result "1/2-1/2"]
[WhiteElo "2606"]
[BlackElo "2700"]
[PlyCount "39"]
[EventDate "2005.08.06"]
[EventType "swiss"]
[EventRounds "11"]
[EventCountry "ARG"]
[SourceTitle "CBM 109"]
[Source "ChessBase"]
[SourceDate "2005.11.14"]
[SourceVersion "1"]
[SourceVersionDate "2005.11.14"]
[SourceQuality "1"]

1. e4 e5 2. Nf3 Nc6 3. Bb5 a6 4. Ba4 Nf6 5. O-O b5 6. Bb3 Bc5 7. a4 Rb8 8. d3
h6 9. Nc3 d6 10. axb5 axb5 11. Nd5 O-O 12. c3 Nxd5 13. exd5 Ne7 14. d4 exd4 15.
Nxd4 Bb7 16. Qd3 Bxd4 17. Qxd4 Qd7 18. Bf4 Ra8 19. h3 Rfe8 20. Rxa8 1/2-1/2

[Event "Dia De Internet op"]
[Site "Playchess.com INT"]
[Date "2005.10.22"]
[Round "1"]
[White "Kamsky, Gata"]
[Black "Hayrapetyan, Arman"]
[Result "1-0"]
[WhiteElo "2700"]
[BlackElo "2310"]
[PlyCount "57"]
[EventDate "2005.10.22"]
[EventType "swiss (blitz)"]
[EventRounds "13"]
[EventCountry "GER"]
[SourceTitle "EXT 2007"]
[Source "ChessBase"]
[SourceDate "2006.11.23"]
[SourceVersion "1"]
[SourceVersionDate "2006.11.23"]
[SourceQuality "1"]

1. e4 c5 2. Nf3 d6 3. d4 cxd4 4. Nxd4 Nf6 5. Nc3 g6 6. Be2 Bg7 7. O-O O-O 8.
Be3 Nc6 9. Qd2 Ng4 10. Bxg4 Bxg4 11. Nxc6 bxc6 12. Bh6 Bxh6 13. Qxh6 Qb6 14.
Rab1 Rab8 15. Qh4 Be6 16. Qxe7 Rfd8 17. Qf6 Qc5 18. Kh1 Qe5 19. Qh4 Bc4 20. f4
Qa5 21. Rf3 Rd7 22. b3 Ba6 23. a4 Qd8 24. Qf2 d5 25. e5 d4 26. Ne4 Kh8 27. Nc5
Rd5 28. Nxa6 Rb6 29. f5 1-0

[Event "Dia De Internet op"]
[Site "Playchess.com INT"]
[Date "2005.10.22"]
[Round "2"]
[White "Azarov, Sergei Nikolaevich"]
[Black "Kamsky, Gata"]
[Result "0-1"]
[WhiteElo "2582"]
[BlackElo "2700"]
[PlyCount "76"]
[EventDate "2005.10.22"]
[EventType "swiss (blitz)"]
[EventRounds "13"]
[EventCountry "GER"]
[SourceTitle "EXT 2007"]
[Source "ChessBase"]
[SourceDate "2006.11.23"]
[SourceVersion "1"]
[SourceVersionDate "2006.11.23"]
[SourceQuality "1"]

1. e4 c5 2. Nf3 e6 3. d4 cxd4 4. Nxd4 a6 5. Bd3 g6 6. Nc3 Bg7 7. Be3 Ne7 8. h4
h5 9. Qd2 b5 10. O-O-O Nbc6 11. Nce2 Ne5 12. f4 Ng4 13. Bg1 Bb7 14. Kb1 Rc8 15.
Nf3 Qc7 16. Bd4 f6 17. Rhe1 Bh6 18. g3 O-O 19. Bc3 Nc6 20. Ned4 e5 21. Nxc6
dxc6 22. Ba5 Qe7 23. Qc3 c5 24. f5 gxf5 25. a4 Nf2 26. axb5 axb5 27. Bxb5 Nxd1
28. Rxd1 Bc6 29. Qb3+ Kh8 30. Bxc6 Rxc6 31. exf5 Ra6 32. Bd2 Qa7 33. c3 Ra1+
34. Kc2 Rxd1 35. Bxh6 Rfd8 36. Nd2 R1xd2+ 37. Bxd2 Qd7 38. Qc4 Qxd2+ 0-1

[Event "Dia De Internet op"]
[Site "Playchess.com INT"]
[Date "2005.10.22"]
[Round "3"]
[White "Kamsky, Gata"]
[Black "Sasikiran, Krishnan"]
[Result "1/2-1/2"]
[WhiteElo "2700"]
[BlackElo "2652"]
[PlyCount "105"]
[EventDate "2005.10.22"]
[EventType "swiss (blitz)"]
[EventRounds "13"]
[EventCountry "GER"]
[SourceTitle "EXT 2007"]
[Source "ChessBase"]
[SourceDate "2006.11.23"]
[SourceVersion "1"]
[SourceVersionDate "2006.11.23"]
[SourceQuality "1"]

1. e4 e5 2. Nf3 Nc6 3. Bb5 a6 4. Ba4 Nf6 5. O-O Be7 6. Re1 b5 7. Bb3 d6 8. c3
O-O 9. d4 Bg4 10. d5 Na5 11. Bc2 c6 12. h3 Bc8 13. dxc6 Qc7 14. Nbd2 Qxc6 15.
Nf1 Nc4 16. Ng3 h6 17. Bd3 Be6 18. Qe2 Rfe8 19. b3 Nb6 20. Be3 Nbd7 21. Rac1 d5
22. exd5 Bxd5 23. c4 Bxf3 24. gxf3 b4 25. Be4 Nxe4 26. fxe4 Nc5 27. Rcd1 Ne6
28. Qg4 Bg5 29. Nf5 Kh7 30. Rd6 Qc7 31. Red1 Rad8 32. R6d5 Bxe3 33. fxe3 g6 34.
Nd6 Rf8 35. h4 Qe7 36. Kh2 Qf6 37. Qg3 Rd7 38. Ne8 Rxe8 39. Rxd7 Nc5 40. R7d6
Re6 41. Rxe6 Qxe6 42. Qf3 h5 43. Rd5 Qe7 44. Kg3 Kg7 45. Kh3 a5 46. Qg3 f6 47.
Qg2 Kf7 48. Qf3 Kg7 49. Qe2 Qe6+ 50. Kh2 Nxe4 51. Qg2 Qf5 52. Rd1 Nf2 53. Rf1
1/2-1/2

[Event "Dia De Internet op"]
[Site "Playchess.com INT"]
[Date "2005.10.22"]
[Round "4"]
[White "Kamsky, Gata"]
[Black "Kiriakov, Petr"]
[Result "1/2-1/2"]
[WhiteElo "2700"]
[BlackElo "2571"]
[PlyCount "50"]
[EventDate "2005.10.22"]
[EventType "swiss (blitz)"]
[EventRounds "13"]
[EventCountry "GER"]
[SourceTitle "EXT 2007"]
[Source "ChessBase"]
[SourceDate "2006.11.23"]
[SourceVersion "1"]
[SourceVersionDate "2006.11.23"]
[SourceQuality "1"]

1. d4 e6 2. Nf3 Nf6 3. Bg5 c5 4. e3 Be7 5. c3 b6 6. Bxf6 Bxf6 7. d5 Bb7 8. Bc4
O-O 9. a4 a6 10. Na3 b5 11. axb5 axb5 12. Nxb5 Rxa1 13. Qxa1 exd5 14. Be2 Qb6
15. O-O Nc6 16. Nd6 Ra8 17. Qb1 Ne7 18. Nxb7 Qxb7 19. b4 d6 20. bxc5 Qxb1 21.
Rxb1 dxc5 22. c4 Ra1 23. Rxa1 Bxa1 24. cxd5 Nxd5 25. Kf1 Nb6 1/2-1/2

[Event "Dia De Internet op"]
[Site "Playchess.com INT"]
[Date "2005.10.22"]
[Round "5"]
[White "Eraschenkov, Denis"]
[Black "Kamsky, Gata"]
[Result "1/2-1/2"]
[WhiteElo "2384"]
[BlackElo "2700"]
[PlyCount "90"]
[EventDate "2005.10.22"]
[EventType "swiss (blitz)"]
[EventRounds "13"]
[EventCountry "GER"]
[SourceTitle "EXT 2007"]
[Source "ChessBase"]
[SourceDate "2006.11.23"]
[SourceVersion "1"]
[SourceVersionDate "2006.11.23"]
[SourceQuality "1"]

1. e4 c5 2. Nf3 e6 3. c4 a6 4. Nc3 Qc7 5. Be2 b6 6. O-O Bb7 7. d4 cxd4 8. Nxd4
Nf6 9. Bd3 Bc5 10. Be3 Nc6 11. Nc2 Ne5 12. f3 h5 13. Qd2 h4 14. b4 Bd6 15. h3
Nh5 16. Rfd1 Nxd3 17. Qxd3 Bh2+ 18. Kf1 O-O 19. Rac1 f5 20. exf5 Ng3+ 21. Ke1
Nxf5 22. Bf2 Rf7 23. Nd4 Qe5+ 24. Nce2 Ng3 25. Qe3 Qxe3 26. Bxe3 Nxe2 27. Kxe2
b5 28. c5 Bd5 29. a3 Be5 30. Bf2 g5 31. Be3 Bf4 32. Kf2 a5 33. Bxf4 Rxf4 34.
Ne2 Rf7 35. Nc3 Bc6 36. Rd4 axb4 37. axb4 Kg7 38. Rc2 Kg6 39. Rcd2 Rf4 40. Ne2
Rxd4 41. Nxd4 Ra4 42. Nxc6 dxc6 43. Rd6 Kf5 44. Rxc6 Rxb4 45. Rd6 Rc4 1/2-1/2

[Event "Dia De Internet op"]
[Site "Playchess.com INT"]
[Date "2005.10.22"]
[Round "8"]
[White "Bryzgalin, Kirill"]
[Black "Kamsky, Gata"]
[Result "0-1"]
[WhiteElo "2480"]
[BlackElo "2700"]
[PlyCount "82"]
[EventDate "2005.10.22"]
[EventType "swiss (blitz)"]
[EventRounds "13"]
[EventCountry "GER"]
[SourceTitle "EXT 2007"]
[Source "ChessBase"]
[SourceDate "2006.11.23"]
[SourceVersion "1"]
[SourceVersionDate "2006.11.23"]
[SourceQuality "1"]

1. e4 c5 2. Nf3 e6 3. d4 cxd4 4. Nxd4 a6 5. Bd3 g6 6. O-O Bg7 7. Nf3 Nc6 8. c4
b6 9. Nc3 Nge7 10. Be3 O-O 11. Rc1 f5 12. Qd2 Bb7 13. Na4 Nc8 14. Rfd1 N6e7 15.
Qc2 Bc6 16. Bd4 Bh6 17. Rb1 Rb8 18. Ne5 Ba8 19. exf5 Nxf5 20. Bc3 Ncd6 21. Qe2
Nh4 22. f3 Bg7 23. Bc2 Qe7 24. Qd2 Ndf5 25. Rf1 d6 26. Ng4 e5 27. Bb4 h5 28.
Ne3 Nd4 29. Nd5 Bxd5 30. cxd5 a5 31. Bc3 b5 32. Bxd4 exd4 33. Rbe1 Qf7 34. Re6
bxa4 35. Bxa4 d3 36. b3 Qf5 37. Re4 g5 38. Rfe1 Ng6 39. Bd7 Qxd7 40. Qxd3 Ne5
41. Qd2 Qf5 0-1

[Event "Dia De Internet op"]
[Site "Playchess.com INT"]
[Date "2005.10.22"]
[Round "9"]
[White "Kamsky, Gata"]
[Black "Andriasian, Zaven"]
[Result "1/2-1/2"]
[WhiteElo "2700"]
[BlackElo "2412"]
[PlyCount "87"]
[EventDate "2005.10.22"]
[EventType "swiss (blitz)"]
[EventRounds "13"]
[EventCountry "GER"]
[SourceTitle "EXT 2007"]
[Source "ChessBase"]
[SourceDate "2006.11.23"]
[SourceVersion "1"]
[SourceVersionDate "2006.11.23"]
[SourceQuality "1"]

1. e4 c5 2. Nf3 d6 3. d4 cxd4 4. Qxd4 Nf6 5. Bg5 a6 6. Bxf6 gxf6 7. c4 Nc6 8.
Qd2 h5 9. Nc3 Bh6 10. Qd1 Bg4 11. Be2 Rg8 12. h3 Bxf3 13. Bxf3 h4 14. O-O e6
15. Kh1 Qe7 16. Rb1 Rc8 17. b3 Ne5 18. a4 Qc7 19. Qe2 Qa5 20. Nd1 Qd2 21. Nb2
Qxe2 22. Bxe2 Bf4 23. Rbd1 Ke7 24. Rfe1 a5 25. Bf1 Rc6 26. Nd3 Nxd3 27. Rxd3
Kd7 28. Be2 Kc7 29. Bg4 Kb6 30. g3 hxg3 31. fxg3 Be5 32. Ree3 Kc5 33. Bh5 Rh8
34. Bg4 Kb4 35. h4 Rcc8 36. Kg2 Rcg8 37. Kh3 Rg7 38. Bd1 Rhg8 39. g4 Rh7 40. h5
Rh6 41. Re2 Rg5 42. Rc2 Kc5 43. Rg2 Rh8 44. Rf2 1/2-1/2

[Event "Dia De Internet op"]
[Site "Playchess.com INT"]
[Date "2005.10.22"]
[Round "10"]
[White "Pantsulaia, Levan"]
[Black "Kamsky, Gata"]
[Result "1-0"]
[WhiteElo "2510"]
[BlackElo "2700"]
[PlyCount "93"]
[EventDate "2005.10.22"]
[EventType "swiss (blitz)"]
[EventRounds "13"]
[EventCountry "GER"]
[SourceTitle "EXT 2007"]
[Source "ChessBase"]
[SourceDate "2006.11.23"]
[SourceVersion "1"]
[SourceVersionDate "2006.11.23"]
[SourceQuality "1"]

1. Nf3 Nf6 2. c4 c6 3. g3 d5 4. Bg2 Bg4 5. Ne5 Bh5 6. cxd5 cxd5 7. Nc3 e6 8. g4
Bg6 9. h4 Bd6 10. d4 Nc6 11. Nxc6 bxc6 12. h5 Be4 13. f3 Bg3+ 14. Kf1 Nxg4 15.
fxg4 f5 16. g5 O-O 17. Bf3 Bc7 18. Kf2 Rb8 19. b3 c5 20. dxc5 d4 21. Nb1 e5 22.
Nd2 Qd5 23. b4 Rxb4 24. Ba3 Rbb8 25. Qa4 Kh8 26. h6 g6 27. Rac1 Qd8 28. Nc4
Bxf3 29. exf3 e4 30. Nd6 Qxg5 31. Qxd4+ Qf6 32. Qxf6+ Rxf6 33. Rc2 Kg8 34. Rd1
exf3 35. Kxf3 g5 36. Re2 Rxh6 37. Nxf5 Rf8 38. Kg4 Rhf6 39. Ne7+ Kf7 40. Nd5
h5+ 41. Kxh5 Rh8+ 42. Kg4 Rh4+ 43. Kxg5 Rfh6 44. Re7+ Kg8 45. Nf6+ Kf8 46. Re8+
Kf7 47. Rd7# 1-0